<?xml version="1.0" encoding="UTF-8"?><?xml-stylesheet type="text/xsl" href="static/style.xsl"?><OAI-PMH xmlns="http://www.openarchives.org/OAI/2.0/" xmlns:xsi="http://www.w3.org/2001/XMLSchema-instance" xsi:schemaLocation="http://www.openarchives.org/OAI/2.0/ http://www.openarchives.org/OAI/2.0/OAI-PMH.xsd"><responseDate>2026-04-27T21:25:25Z</responseDate><request verb="GetRecord" identifier="oai:uvadoc.uva.es:10324/4457" metadataPrefix="marc">https://uvadoc.uva.es/oai/request</request><GetRecord><record><header><identifier>oai:uvadoc.uva.es:10324/4457</identifier><datestamp>2021-05-22T02:12:30Z</datestamp><setSpec>com_10324_38</setSpec><setSpec>col_10324_787</setSpec></header><metadata><record xmlns="http://www.loc.gov/MARC21/slim" xmlns:doc="http://www.lyncode.com/xoai" xmlns:xsi="http://www.w3.org/2001/XMLSchema-instance" xmlns:dcterms="http://purl.org/dc/terms/" xsi:schemaLocation="http://www.loc.gov/MARC21/slim http://www.loc.gov/standards/marcxml/schema/MARC21slim.xsd">
<leader>00925njm 22002777a 4500</leader>
<datafield tag="042" ind1=" " ind2=" ">
<subfield code="a">dc</subfield>
</datafield>
<datafield tag="720" ind1=" " ind2=" ">
<subfield code="a">González Martínez, José Antonio</subfield>
<subfield code="e">author</subfield>
</datafield>
<datafield tag="260" ind1=" " ind2=" ">
<subfield code="c">2013</subfield>
</datafield>
<datafield tag="520" ind1=" " ind2=" ">
<subfield code="a">El auge de la computación en nube ha dado lugar a la aparición de diversas propuestas de uso de dicho paradigma computacional para el apoyo al aprendizaje. Sin embargo, la comunidad científica se muestra escéptica ante la idea de que dicho uso de la nube computacional pueda suponer algún tipo de ventaja educativo. Es por ello que este trabajo pretende llevar a cabo un estudio sistemático de la literatura, siguiendo la metodología propuesta por Barbara Kitchenham, con un doble objetivo. El primero consiste en determinar las posibles ventajas que puede suponer desde el punto de vista educativo el uso de una nube computacional para el apoyo al parendizaje. El segundo objetivo, condicionado a la existencia de dichas ventajas, es la identificación de problemas de investigación relevantes que será necesario abordar para lograr tales ventajas.</subfield>
</datafield>
<datafield tag="024" ind2=" " ind1="8">
<subfield code="a">http://uvadoc.uva.es/handle/10324/4457</subfield>
</datafield>
<datafield ind1=" " ind2=" " tag="653">
<subfield code="a">Computación en nube</subfield>
</datafield>
<datafield ind1=" " ind2=" " tag="653">
<subfield code="a">Tecnología educativa</subfield>
</datafield>
<datafield tag="245" ind1="0" ind2="0">
<subfield code="a">Estado del arte del uso de la nube computacional para el apoyo al aprendizaje</subfield>
</datafield>
</record></metadata></record></GetRecord></OAI-PMH>